000 00914nam a22002417a 4500
005 20150605091514.0
008 140902t mx ||||| |||| 00| 0 esp d
020 _a9681675231
050 0 4 _aBJ1031
_bB53 2006
100 1 _aBlackburn, Pierre
245 1 3 _aLa Ética :
_bFundamentos y Problemáticas Contemporáneas /
_cPierre Blackburn; tr. Juan José Utrilla Trejo.
250 _a1a ed.
260 _aMéxico :
_bFondo de Cultura Económica,
_c2006.
300 _a447 p. ;
_c23 cm.
490 0 _aPedagogía y Educación
500 _aTraduccion de : L'étique Fondements et problématiques
500 _aDato tomado de la portada : La Moral Pública en México: escenario para la educación
504 _aIncluye: Bibliografía p, (417-433) e Indices
650 7 _2Lemb
_aÉtica
_xFilosofía
650 7 _2Lemb
_aÉtica
_xPedagogía
700 1 _aUtrilla Trejo, Juan José,
_etr.
942 _2lcc
_cLIB
999 _c77721
_d77721